000
00353 a2200169 4500
001
189330
020
_a
85-01-05994-3
040
_c
Magnum
100
_a
Zagury, Tania
240
1
0
_a
Limites sem trauma
_l
por
245
1
0
_a
Limites sem trauma
300
_a
174
362
0
_a
2000
440
1
_a
Record
697
_a
EDUCAÇÃO E ENSINO
942
_c
BK
999
_c
189330
_d
189330